| 000 | 00523nam a2200157 i 4500 | ||
|---|---|---|---|
| 001 | 60859 | ||
| 003 | ES-MaACL | ||
| 005 | 20230906164324.0 | ||
| 007 | t| | ||
| 008 | 031107s1901 sp ||||1| spa d | ||
| 100 | 1 |
_aEstelrich, Pedro ( _d1844-1912) _948106 |
|
| 245 | 1 | 0 |
_aMis campañas / _cpor Pedro Estelrich. |
| 260 |
_aPalma : _b[s.n., _c1901] ( _fB. Rotger) |
||
| 505 | 8 | _aContiene: I.: El arbolado público de Palma y sus contornos. II.: La agricultura en las corporaciones provinciales | |
| 852 |
_aES-MaACL _jT-1164-F-2 |
||
| 999 |
_c60859 _d60859 |
||